Which London Terminal? - Statistics

General Stats
  • This quiz has been taken 65 times
  • The average score is 11 of 13
Answer Stats
Departing from... Arriving at... London Terminals % Correct
Liverpool Lime Street Euston Euston
98%
York Kings Cross Kings Cross
96%
Ipswich Liverpool Street Liverpool Street
94%
Cardiff Paddington Paddington
93%
Southampton Central Waterloo Waterloo
91%
Eastbourne Victoria Victoria
87%
High Wycombe Marylebone Marylebone
81%
Slade Green Cannon Street Cannon Street
78%
Derby St Pancras St Pancras
78%
Tunbridge Wells Charing Cross Charing Cross
72%
Hertford North Moorgate Moorgate
72%
Ockendon Fenchurch Street Fenchurch Street
67%
Tattenham Corner London Bridge London Bridge
63%
No matching quizzes found
Score Distribution
Percent of People with Each Score
Percentile by Number Answered
Your Score History
You have not taken this quiz